000 00248nam a2200109Ia 4500
008 190912s9999||||xx |||||||||||||| ||und||
100 _a Zakir Ali
245 0 _aRawayat e Aligarh
260 _aKarachi
_bMacmillan
_c1993
300 _a308
942 _cBK
999 _c7177
_d7177